| 000 | 00295 a2200121 4500 | ||
|---|---|---|---|
| 001 | 66165 | ||
| 082 | _a425 ONE | ||
| 090 |
_c38458 _d38458 |
||
| 100 | _aO'Neill, R | ||
| 245 | _aLost Secret ; along with teacher guide | ||
| 260 |
_ajapan _bBilingual Pub _c1989 |
||
| 300 |
_a70 _ewith teacher guide |
||
| 942 |
_aNUST-CAE _k425 ONE |
||
| 999 |
_c301238 _d301238 |
||